| 000 | 00628nam a2200193 i 4500 | ||
|---|---|---|---|
| 001 | 137801 | ||
| 003 | ES-MaACL | ||
| 005 | 20250812022436.0 | ||
| 007 | t| | ||
| 008 | 070214s1926 sp r ||||1| spa d | ||
| 100 | 1 |
_aSalis, Arnold von. _9101961 |
|
| 245 | 1 | 3 |
_aEl arte de los griegos / _cArnold von Salis ; traducción del alemán por Manuel Manzanares. |
| 260 |
_aMadrid : _bRevista de Occidente, _c1926 ( _fImp. Caro Raggio) |
||
| 300 |
_a338 p. : _bil. ; _c25 x 17 cm. |
||
| 650 | 7 |
_aArte griego _2embne _910221 |
|
| 700 | 1 |
_aManzanares, Manuel. _976201 |
|
| 852 |
_aES-MaACL _jA-115 |
||
| 999 |
_c137801 _d137801 |
||